000 00421nam a2200181Ia 4500
008 100920s9999 xx 000 0 und d
082 _b26479
_a13 0
100 _aMATHUR K. K.
245 _aNicobar Island.
260 _b---
_c0
300 _a232
_bसाधी
365 _b0
520 _aटी.अे.
630 _aNicobar Island.
650 _aटी.अे.
730 _aNicobar Island.
942 _cBOOK
999 _c683795
_d683792